| 000 | 00000nam##2200000za#4500 |
| 001 | 9.699611 |
| 003 | CaOODSP |
| 005 | 20210625000445 |
| 007 | cr ||||||||||| |
| 008 | 150407|2002||||xxc|||||o f|0| 0 eng|d |
| 040 | |aCaOODSP|beng |
| 043 | |an-cn--- |
| 086 | 1 |aH46-2/02-275E-PDF |
| 110 | 1 |aCanada. |bHealth Canada. |
| 245 | 10|aAim for safety : |h[electronic resource]|btarget the label |
| 260 | |aOttawa - Ontario : |bHealth Canada |cc2002. |
| 300 | |a2p.|bcoloured illus., figs. (some coloured) |
| 500 | |aThe catalogue number (H46-2/02-275E) and ISBN (0-662-31900-1) for the print edition have been incorrectly copied in this electronic publication. |
| 590 | |a14-14-Supp|b2014-07-24 |
| 690 | 07|aChemicals|2gcpds |
| 690 | 07|aChild safety|2gcpds |
| 775 | 08|tSécurité en tête : |w(CaOODSP)9.643590 |
| 856 | 40|ahttp://publications.gc.ca|qPDF|s336 KB|uhttps://publications.gc.ca/collections/collection_2014/sc-hc/H46-2-02-275-eng.pdf |